The Autonomous, the Universal and the future of sociology /
Bewaard in:
| Hoofdauteur: | |
|---|---|
| Formaat: | Texto |
| Onderwerpen: | |
| Tags: |
Voeg label toe
Geen labels, Wees de eerste die dit record labelt!
|
MARC
| LEADER | 00000 a a2200000 04500 | ||
|---|---|---|---|
| 001 | 4738 | ||
| 003 | |||
| 040 | |||
| 100 | |a Alatas, Syed Hussein | ||
| 245 | |a The Autonomous, the Universal and the future of sociology / |c Syed Hussein Alatas | ||
| 500 | |a Resumen también en francés y español en páginas144 | ||
| 650 | |a SOCIOLOGIA | ||
| 650 | |a TEORIA SOCIAL | ||
| 650 | |a SOCIOLOGOS | ||
| 650 | |a SISTEMAS DE VALORES | ||
| 650 | |a SOCIEDAD | ||
| 773 | |g volumen 54, número 1; páginas 7-23 | ||
| 999 | |c 24637 |d 24637 | ||
